<?xml version="1.0" encoding="UTF-8"?>
<record
    xmlns:xsi="http://www.w3.org/2001/XMLSchema-instance"
    xsi:schemaLocation="http://www.loc.gov/MARC21/slim http://www.loc.gov/standards/marcxml/schema/MARC21slim.xsd"
    xmlns="http://www.loc.gov/MARC21/slim">

  <leader>01319cam a2200349 i 4500</leader>
  <datafield tag="999" ind1=" " ind2=" ">
    <subfield code="c">79590</subfield>
    <subfield code="d">316867</subfield>
  </datafield>
  <controlfield tag="001">20104995</controlfield>
  <controlfield tag="003">MU</controlfield>
  <controlfield tag="005">20211229044744.0</controlfield>
  <controlfield tag="008">171027s2019    moua     b    001 0 eng  </controlfield>
  <datafield tag="020" ind1=" " ind2=" ">
    <subfield code="a">9780323478212</subfield>
    <subfield code="q">(pbk. ;</subfield>
    <subfield code="q">alk. paper)</subfield>
  </datafield>
  <datafield tag="035" ind1=" " ind2=" ">
    <subfield code="a">(DNLM)101715639</subfield>
  </datafield>
  <datafield tag="040" ind1=" " ind2=" ">
    <subfield code="a">DNLM/DLC</subfield>
    <subfield code="b">eng</subfield>
    <subfield code="c">DLC</subfield>
    <subfield code="e">rda</subfield>
    <subfield code="d">DLC</subfield>
  </datafield>
  <datafield tag="050" ind1="0" ind2="0">
    <subfield code="a">RK652.5</subfield>
    <subfield code="b">.P47 2019</subfield>
  </datafield>
  <datafield tag="060" ind1="0" ind2="0">
    <subfield code="a">WU 190</subfield>
  </datafield>
  <datafield tag="082" ind1="0" ind2="0">
    <subfield code="a">617.695</subfield>
    <subfield code="b">SRR</subfield>
    <subfield code="2">23</subfield>
  </datafield>
  <datafield tag="245" ind1="1" ind2="0">
    <subfield code="a">Craig's restorative dental materials /</subfield>
    <subfield code="c">edited by Ronald Sakaguchi, DDS, Jack Ferracane, John Powers.</subfield>
  </datafield>
  <datafield tag="250" ind1=" " ind2=" ">
    <subfield code="a">Fourteenth edition.</subfield>
  </datafield>
  <datafield tag="264" ind1=" " ind2="1">
    <subfield code="a">St. Louis, Missouri :</subfield>
    <subfield code="b">Elsevier,</subfield>
    <subfield code="c">[2019]</subfield>
  </datafield>
  <datafield tag="300" ind1=" " ind2=" ">
    <subfield code="a">xii, 340 pages :</subfield>
    <subfield code="b">illustrations (some color) ;</subfield>
    <subfield code="c">26 cm</subfield>
  </datafield>
  <datafield tag="500" ind1=" " ind2=" ">
    <subfield code="a">Earliest editions bear the title: Restorative dental materials.</subfield>
  </datafield>
  <datafield tag="504" ind1=" " ind2=" ">
    <subfield code="a">Includes bibliographical references and index.</subfield>
  </datafield>
  <datafield tag="650" ind1=" " ind2="0">
    <subfield code="a">Dental materials.</subfield>
    <subfield code="9">88990</subfield>
  </datafield>
  <datafield tag="650" ind1="1" ind2="2">
    <subfield code="a">Dental Materials</subfield>
    <subfield code="9">88991</subfield>
  </datafield>
  <datafield tag="650" ind1="2" ind2="2">
    <subfield code="a">Dental Atraumatic Restorative Treatment</subfield>
    <subfield code="9">51843</subfield>
  </datafield>
  <datafield tag="700" ind1="1" ind2=" ">
    <subfield code="a">Sakaguchi, Ronald L.,</subfield>
    <subfield code="e">editor.</subfield>
    <subfield code="9">51844</subfield>
  </datafield>
  <datafield tag="700" ind1="1" ind2=" ">
    <subfield code="a">Ferracane, Jack L.,</subfield>
    <subfield code="e">editor.</subfield>
    <subfield code="9">88992</subfield>
  </datafield>
  <datafield tag="700" ind1="1" ind2=" ">
    <subfield code="a">Powers, John M.,</subfield>
    <subfield code="d">1946-</subfield>
    <subfield code="e">editor.</subfield>
    <subfield code="9">88993</subfield>
  </datafield>
  <datafield tag="942" ind1=" " ind2=" ">
    <subfield code="2">ddc</subfield>
    <subfield code="c">BOOK</subfield>
  </datafield>
  <datafield tag="130" ind1="0" ind2=" ">
    <subfield code="a">Restorative dental materials.</subfield>
    <subfield code="9">88994</subfield>
  </datafield>
  <datafield tag="906" ind1=" " ind2=" ">
    <subfield code="a">7</subfield>
    <subfield code="b">cbc</subfield>
    <subfield code="c">orignew</subfield>
    <subfield code="d">1</subfield>
    <subfield code="e">ecip</subfield>
    <subfield code="f">20</subfield>
    <subfield code="g">y-gencatlg</subfield>
  </datafield>
  <datafield tag="952" ind1=" " ind2=" ">
    <subfield code="1">0</subfield>
    <subfield code="2">2021-12-29</subfield>
    <subfield code="4">0</subfield>
    <subfield code="7">0</subfield>
    <subfield code="U">2021-12-29</subfield>
    <subfield code="a">617.695 SRR</subfield>
    <subfield code="d">2021-12-29</subfield>
    <subfield code="h">CL</subfield>
    <subfield code="i">00168364</subfield>
    <subfield code="m">CL</subfield>
    <subfield code="r">2021-12-29 00:00:00</subfield>
    <subfield code="t">BOOK</subfield>
    <subfield code="w">ddc</subfield>
    <subfield code="y">0</subfield>
  </datafield>
  <datafield tag="952" ind1=" " ind2=" ">
    <subfield code="1">0</subfield>
    <subfield code="2">2021-12-29</subfield>
    <subfield code="4">0</subfield>
    <subfield code="7">0</subfield>
    <subfield code="U">2021-12-29</subfield>
    <subfield code="a">617.695 SRR</subfield>
    <subfield code="d">2021-12-29</subfield>
    <subfield code="h">CL</subfield>
    <subfield code="i">00168365</subfield>
    <subfield code="m">CL</subfield>
    <subfield code="r">2021-12-29 00:00:00</subfield>
    <subfield code="t">BOOK</subfield>
    <subfield code="w">ddc</subfield>
    <subfield code="y">0</subfield>
  </datafield>
  <datafield tag="952" ind1=" " ind2=" ">
    <subfield code="1">0</subfield>
    <subfield code="2">2021-12-29</subfield>
    <subfield code="4">0</subfield>
    <subfield code="7">0</subfield>
    <subfield code="U">2021-12-29</subfield>
    <subfield code="a">617.695 SRR</subfield>
    <subfield code="d">2021-12-29</subfield>
    <subfield code="h">CL</subfield>
    <subfield code="i">00168366</subfield>
    <subfield code="m">CL</subfield>
    <subfield code="r">2021-12-29 00:00:00</subfield>
    <subfield code="t">BOOK</subfield>
    <subfield code="w">ddc</subfield>
    <subfield code="y">0</subfield>
  </datafield>
  <datafield tag="952" ind1=" " ind2=" ">
    <subfield code="1">0</subfield>
    <subfield code="2">2021-12-29</subfield>
    <subfield code="4">0</subfield>
    <subfield code="7">0</subfield>
    <subfield code="U">2021-12-29</subfield>
    <subfield code="a">617.695 SRR</subfield>
    <subfield code="d">2021-12-29</subfield>
    <subfield code="h">AMF</subfield>
    <subfield code="i">00168367</subfield>
    <subfield code="m">AMF</subfield>
    <subfield code="r">2021-12-29 00:00:00</subfield>
    <subfield code="t">BOOK</subfield>
    <subfield code="w">ddc</subfield>
    <subfield code="y">0</subfield>
  </datafield>
  <datafield tag="952" ind1=" " ind2=" ">
    <subfield code="1">0</subfield>
    <subfield code="2">2022-02-13</subfield>
    <subfield code="4">0</subfield>
    <subfield code="7">0</subfield>
    <subfield code="U">2022-02-13</subfield>
    <subfield code="a">617.695 SRR</subfield>
    <subfield code="d">2022-02-13</subfield>
    <subfield code="h">AMF</subfield>
    <subfield code="i">00168555</subfield>
    <subfield code="m">AMF</subfield>
    <subfield code="r">2022-02-13 00:00:00</subfield>
    <subfield code="t">BOOK</subfield>
    <subfield code="w">ddc</subfield>
    <subfield code="y">0</subfield>
  </datafield>
  <datafield tag="952" ind1=" " ind2=" ">
    <subfield code="1">0</subfield>
    <subfield code="2">2022-02-13</subfield>
    <subfield code="4">0</subfield>
    <subfield code="7">0</subfield>
    <subfield code="U">2022-02-13</subfield>
    <subfield code="a">617.695 SRR</subfield>
    <subfield code="d">2022-02-13</subfield>
    <subfield code="h">SZM</subfield>
    <subfield code="i">00168556</subfield>
    <subfield code="m">SZM</subfield>
    <subfield code="r">2022-02-13 00:00:00</subfield>
    <subfield code="t">BOOK</subfield>
    <subfield code="w">ddc</subfield>
    <subfield code="y">0</subfield>
  </datafield>
  <datafield tag="952" ind1=" " ind2=" ">
    <subfield code="1">0</subfield>
    <subfield code="2">2022-02-13</subfield>
    <subfield code="4">0</subfield>
    <subfield code="7">0</subfield>
    <subfield code="U">2022-02-13</subfield>
    <subfield code="a">617.695 SRR</subfield>
    <subfield code="d">2022-02-13</subfield>
    <subfield code="h">SZM</subfield>
    <subfield code="i">00168557</subfield>
    <subfield code="m">SZM</subfield>
    <subfield code="r">2022-02-13 00:00:00</subfield>
    <subfield code="t">BOOK</subfield>
    <subfield code="w">ddc</subfield>
    <subfield code="y">0</subfield>
  </datafield>
  <datafield tag="952" ind1=" " ind2=" ">
    <subfield code="1">0</subfield>
    <subfield code="2">2022-02-13</subfield>
    <subfield code="4">0</subfield>
    <subfield code="7">0</subfield>
    <subfield code="U">2022-02-13</subfield>
    <subfield code="a">617.695 SRR</subfield>
    <subfield code="d">2022-02-13</subfield>
    <subfield code="h">SZM</subfield>
    <subfield code="i">00168558</subfield>
    <subfield code="m">SZM</subfield>
    <subfield code="r">2022-02-13 00:00:00</subfield>
    <subfield code="t">BOOK</subfield>
    <subfield code="w">ddc</subfield>
    <subfield code="y">0</subfield>
  </datafield>
</record>
